KOHA-Header-6

Organizational Behavior (Record no. 6747)

000 -LEADER
fixed length control field 00227nam a2200109Ia 4500
020 ## - INTERNATIONAL STANDARD BOOK NUMBER
ISBN 978-1681231198
100 ## - MAIN ENTRY--AUTHOR NAME
Personal name Fred Luthans
245 #0 - TITLE STATEMENT
Title Organizational Behavior
260 ## - PUBLICATION, DISTRIBUTION, ETC. (IMPRINT)
Place of publication USA
Name of publisher Pearson
Year of publication 1995
300 ## - PHYSICAL DESCRIPTION
Number of Pages 592
942 ## - ADDED ENTRY ELEMENTS (KOHA)
Koha item type Books
Holdings
Withdrawn status Lost status Collection code Permanent Location Current Location Shelving location Date acquired Full call number Accession Number Koha item type
    Management MAJU MAJU   2019-09-11 658.4 170 Management

Powered by Koha